| 000 | 00357cam a2200145ua 4500 | ||
|---|---|---|---|
| 041 |
_aeng _h |
||
| 082 |
_a823.308 _bSTR/NO |
||
| 100 | _aStrachey, E . | ||
| 245 |
_aNonsense omnibus / _cE strachey. _hTextual Documents |
||
| 260 |
_aLondon : _bFrederick Warne & Co Ltd , _c1943. |
||
| 300 | _a480 ; . | ||
| 504 | _a | ||
| 942 | _cBK | ||
| 999 |
_c12830 _d12830 |
||